|
|
|
|
| LEADER |
00000naa0a2200000 4500 |
| 001 |
597087 |
| 005 |
20250129160736.0 |
| 035 |
|
|
|a (RuTPU)RU\TPU\tpu\20202
|
| 090 |
|
|
|a 597087
|
| 100 |
|
|
|a 20111020d2002 k||y0rusy50 ca
|
| 101 |
0 |
|
|a rus
|
| 102 |
|
|
|a RU
|
| 200 |
1 |
|
|a Мониторинг качества знаний студентов в инженерном образовании
|f П. С. Чубик, М. Г. Минин, В. В. Середа
|
| 333 |
|
|
|a В фонде НТБ ТПУ отсутствует
|
| 461 |
|
|
|t Ingenieur des 21. Jahrhundersts: Referate des 31. Internationalen Symposiums "Ingenieur des 21/ Jahrhunderts"
|d 2002
|
| 463 |
|
|
|t Bd. 47
|v S. 536-542
|d 2002
|
| 610 |
1 |
|
|a труды учёных ТПУ
|
| 700 |
|
1 |
|a Чубик
|b П. С.
|c российский геолог
|c профессор, ректор Томского политехнического университета ( с 2008 г.)
|f 1954-
|g Петр Савельевич
|3 (RuTPU)RU\TPU\pers\24546
|
| 701 |
|
1 |
|a Минин
|b М. Г.
|c специалист в области инженерной педагогики
|c профессор Томского политехнического университета, доктор педагогических наук
|f 1944-
|g Михаил Григорьевич
|3 (RuTPU)RU\TPU\pers\26824
|9 12443
|
| 701 |
|
1 |
|a Середа
|b В. В.
|
| 801 |
|
1 |
|a RU
|b 63413507
|c 20111020
|
| 801 |
|
2 |
|a RU
|b 63413507
|c 20130128
|g RCR
|
| 942 |
|
|
|c BK
|